| 000 | 00958nam a2200265 a 4500 | ||
|---|---|---|---|
| 005 | 20240420063855.0 | ||
| 008 | 010924s1995 es r 000 0 spa d | ||
| 020 | _a8432308676 | ||
| 035 | _aUPN01000112306 | ||
| 049 | _aCG | ||
| 050 | 4 |
_aRC570.2 _bP4.7 1995 |
|
| 245 | 0 | 0 |
_aPersonas con discapacidad : _bperspectivas psicopedagógicas y rehabilitadoras / _cA. Aguado ... [et al.] ; dir. Miguel A. Verdugo Alonso. |
| 250 | _a2a ed. | ||
| 260 |
_aMadrid : _bSiglo XXI, _c1995. |
||
| 300 | _axxvi, 1437 p. | ||
| 440 | 0 |
_aManuales. _pPsicología |
|
| 590 | _a(También localizas un ejemplar en el "Area de Reserva") | ||
| 590 | _aBibliografía Básica (BGTQ) | ||
| 650 | 4 |
_aPERSONAS CON DISCAPACIDAD MENTAL - _xREHABILITACION _913814 |
|
| 650 | 4 |
_aEducación especial _93029 |
|
| 650 | 4 |
_aPERSONAS CON DISCAPACIDAD MENTAL - _xEDUCACION _910903 |
|
| 700 | 1 |
_aAguado, A., _ecoaut. |
|
| 700 | 1 |
_aVerdugo Alonso, Miguel Angel, _edir. _931988 |
|
| 905 | _aLibro | ||
| 999 |
_c86214 _d86214 |
||